Welcome to WEB OPAC of MRSPTU Central Library

Foundation analysis and design (Record no. 1039)

MARC details
000 -LEADER
fixed length control field 00376nam a2200145Ia 4500
008 - FIXED-LENGTH DATA ELEMENTS--GENERAL INFORMATION
fixed length control field 230711s9999||||xx |||||||||||||| ||und||
041 ## - LANGUAGE CODE
Language code of text/sound track or separate title ENG
082 ## - DEWEY DECIMAL CLASSIFICATION NUMBER
Classification number 621
Item number BO-F
100 ## - MAIN ENTRY--PERSONAL NAME
Personal name Bowlers,Joseph E
245 #0 - TITLE STATEMENT
Title Foundation analysis and design
250 ## - EDITION STATEMENT
Edition statement 1st Ed.
260 ## - PUBLICATION, DISTRIBUTION, ETC.
Date of publication, distribution, etc. 1988
Place of publication, distribution, etc. New York
Name of publisher, distributor, etc. Tata McGraw Hill Education Limited
650 ## - SUBJECT ADDED ENTRY--TOPICAL TERM
Topical term or geographic name entry element Civil Engineering
942 ## - ADDED ENTRY ELEMENTS (KOHA)
Koha item type Book
Holdings
Withdrawn status Lost status Damaged status Not for loan Collection Home library Current library Date acquired Total checkouts Full call number Barcode Date last seen Price effective from Koha item type Date last checked out
          MRSPTU Central Library MRSPTU Central Library     621 BO-F 5207 08/17/2023 08/17/2023 Book  
          MRSPTU Central Library MRSPTU Central Library     621 BO-F 5208 08/17/2023 08/17/2023 Book  
          MRSPTU Central Library MRSPTU Central Library     621 BO-F 5209 08/17/2023 08/17/2023 Book  
          MRSPTU Central Library MRSPTU Central Library     621 BO-F 5210 08/17/2023 08/17/2023 Book  
          MRSPTU Central Library MRSPTU Central Library   1 621 BO-F 5211 04/17/2026 08/17/2023 Book 02/19/2026

Website Designed and Developed by MRSPTU Central Library Team

E-mail Id: librarian@mrsptu.ac.in